[Event "Mittelrhein Verbandsliga-S 18/19"]
[Site "Nordrheinwestfalen"]
[Date "2019.04.07"]
[Round "9.1"]
[White "Glaser, Steffen"]
[Black "Kneutgen, Alexander"]
[Result "1/2-1/2"]
[WhiteElo "1949"]
[BlackElo "1924"]
[PlyCount "22"]
[EventDate "2018.09.02"]
[EventType "team-tourn"]
[EventRounds "11"]
[EventCountry "GER"]
[SourceTitle "EXT 2022"]
[Source "ChessBase"]
[SourceDate "2021.10.06"]
[SourceVersion "1"]
[SourceVersionDate "2021.10.06"]
[SourceQuality "1"]
[WhiteTeam "Koeln Lasker III"]
[BlackTeam "Niederkassel II"]
[WhiteTeamCountry "GER"]
[BlackTeamCountry "GER"]

1. e4 e6 2. d4 d5 3. Nd2 h6 4. Ngf3 Nf6 5. Bd3 c5 6. exd5 exd5 7. dxc5 Bxc5 8. Nb3 Bb6 9. 0-0 0-0 10. c3 Nc6 11. Bf4 Bg4 1/2-1/2

[Event "Mittelrhein Verbandsliga-S 18/19"]
[Site "Nordrheinwestfalen"]
[Date "2019.02.10"]
[Round "7.1"]
[White "Glaser, Steffen"]
[Black "Reinoehl, Christian"]
[Result "0-1"]
[WhiteElo "1949"]
[BlackElo "2121"]
[PlyCount "52"]
[EventDate "2018.09.02"]
[EventType "team-tourn"]
[EventRounds "11"]
[EventCountry "GER"]
[SourceTitle "EXT 2022"]
[Source "ChessBase"]
[SourceDate "2021.10.06"]
[SourceVersion "1"]
[SourceVersionDate "2021.10.06"]
[SourceQuality "1"]
[WhiteTeam "Koeln Lasker III"]
[BlackTeam "Troisdorf"]
[WhiteTeamCountry "GER"]
[BlackTeamCountry "GER"]

1. e4 e5 2. Nf3 Nc6 3. Bb5 a6 4. Bxc6 dxc6 5. 0-0 f6 6. d4 exd4 7. Nxd4 c5 8. Nb3 Qxd1 9. Rxd1 Bd6 10. Na5 b5 11. Be3 Ne7 12. Nc3 c4 13. Ne2 Bb4 14. Bd2 Bc5 15. Kf1 Kf7 16. f3 Bb6 17. a4 Ra7 18. b3 cxb3 19. Nxb3 bxa4 20. Rxa4 Bd7 21. Ra2 Bb5 22. Na5 Rd8 23. Ke1 Nc6 24. Nxc6 Bxc6 25. c4 Be8 26. Bc3 Bf2+ 0-1

[Event "Mittelrhein Verbandsliga-S 17/18"]
[Site "Nordrheinwestfalen"]
[Date "2018.03.18"]
[Round "9.4"]
[White "Manay, Gueven"]
[Black "Glaser, Steffen"]
[Result "1/2-1/2"]
[WhiteElo "1878"]
[BlackElo "1940"]
[PlyCount "33"]
[EventDate "2017.09.10"]
[EventType "team-tourn"]
[EventRounds "11"]
[EventCountry "GER"]
[SourceTitle "EXT 2022"]
[Source "ChessBase"]
[SourceDate "2021.10.06"]
[SourceVersion "1"]
[SourceVersionDate "2021.10.06"]
[SourceQuality "1"]
[WhiteTeam "Satranc Club"]
[BlackTeam "Koeln Lasker II"]
[WhiteTeamCountry "GER"]
[BlackTeamCountry "GER"]

1. d4 d6 2. Nf3 g6 3. Bf4 Bg7 4. e3 Nd7 5. Bc4 Ngf6 6. Bxf7+ Kxf7 7. Ng5+ Kg8 8. Ne6 Qe8 9. Nxc7 Qd8 10. Nxa8 Nf8 11. h4 Bd7 12. Nd2 Qxa8 13. Qe2 Ne6 14. Bh2 b5 15. f3 Kf7 16. 0-0-0 Rc8 17. Kb1 1/2-1/2

[Event "Mittelrhein Verbandsliga-S 17/18"]
[Site "Nordrheinwestfalen"]
[Date "2017.09.10"]
[Round "1.5"]
[White "Kloke, Stephan"]
[Black "Glaser, Steffen"]
[Result "1/2-1/2"]
[WhiteElo "1994"]
[BlackElo "1940"]
[PlyCount "80"]
[EventDate "2017.09.10"]
[EventType "team-tourn"]
[EventRounds "11"]
[EventCountry "GER"]
[SourceTitle "EXT 2022"]
[Source "ChessBase"]
[SourceDate "2021.10.06"]
[SourceVersion "1"]
[SourceVersionDate "2021.10.06"]
[SourceQuality "1"]
[WhiteTeam "Porz SG III"]
[BlackTeam "Koeln Lasker II"]
[WhiteTeamCountry "GER"]
[BlackTeamCountry "GER"]

1. e4 Nc6 2. Nf3 Nf6 3. e5 Nd5 4. Nc3 Nxc3 5. bxc3 d6 6. Bb5 Bd7 7. Qe2 g6 8. Ba3 dxe5 9. Nxe5 Nxe5 10. Qxe5 f6 11. Qe2 e5 12. Bxf8 Kxf8 13. Bc4 Qe7 14. 0-0 Re8 15. Rae1 Qc5 16. Bb3 Bb5 17. Qf3 Kg7 18. d4 exd4 19. cxd4 Qxd4 20. Qxb7 Bxf1 21. Qxc7+ Kh6 22. Rxf1 Re5 23. c3 Qc5 24. Qd7 Rhe8 25. g3 R8e7 26. Qd2+ Kg7 27. Bd1 Rc7 28. Qd8 Qxc3 29. Bb3 Re1 30. Qxc7+ Qxc7 31. Rxe1 Qc5 32. Rd1 h5 33. h4 Qc6 34. Rd4 g5 35. hxg5 fxg5 36. Rd5 Kf6 37. Rd8 Kf5 38. Rd5+ Kf6 39. Rd8 Kf5 40. Rd5+ Kf6 1/2-1/2

[Event "Rhein Main op 10th"]
[Site "Bad Homburg"]
[Date "2007.06.10"]
[Round "7"]
[White "Glaser, Steffen"]
[Black "Biegel, Thomas"]
[Result "1-0"]
[WhiteElo "1903"]
[BlackElo "2054"]
[PlyCount "81"]
[EventDate "2007.06.06"]
[EventType "swiss"]
[EventRounds "7"]
[EventCountry "GER"]
[SourceTitle "EXT 2008"]
[Source "ChessBase"]
[SourceDate "2007.11.25"]
[SourceVersion "1"]
[SourceVersionDate "2007.11.25"]
[SourceQuality "1"]

1. e4 c6 2. d4 d5 3. exd5 cxd5 4. c3 Nf6 5. Bd3 Bg4 6. Qb3 Qd7 7. Bf4 e6 8. Nd2 Nc6 9. Ngf3 Bxf3 10. Nxf3 Bd6 11. Bxd6 Qxd6 12. Qxb7 Rb8 13. Qa6 Rb6 14. Qa4 0-0 15. Qc2 e5 16. dxe5 Nxe5 17. 0-0-0 Nxf3 18. gxf3 Rfb8 19. b3 Rc8 20. Kb1 a5 21. Qb2 a4 22. b4 a3 23. Qxa3 d4 24. Be4 Rc4 25. Rd3 Nxe4 26. fxe4 f5 27. Qb3 Qe6 28. exf5 Qc6 29. Rhd1 Kf8 30. Rxd4 Rxc3 31. Rd8+ Ke7 32. R1d7+ Kf6 33. Qf7+ Kg5 34. Qxg7+ Kf4 35. Qd4+ Kf3 36. Qd1+ Kf4 37. Rd4+ Kg5 38. Qg4+ Kf6 39. Qh4+ Kxf5 40. Qh5+ Kf6 41. Qh6+ 1-0

[Event "Rhein Main op 10th"]
[Site "Bad Homburg"]
[Date "2007.06.08"]
[Round "4"]
[White "Glaser, Steffen"]
[Black "Kroll, Tobias"]
[Result "1-0"]
[WhiteElo "1903"]
[BlackElo "1967"]
[PlyCount "25"]
[EventDate "2007.06.06"]
[EventType "swiss"]
[EventRounds "7"]
[EventCountry "GER"]
[SourceTitle "EXT 2008"]
[Source "ChessBase"]
[SourceDate "2007.11.25"]
[SourceVersion "1"]
[SourceVersionDate "2007.11.25"]
[SourceQuality "1"]

1. e4 d6 2. d4 Nf6 3. Nc3 g6 4. Be2 Bg7 5. Be3 0-0 6. h4 Nbd7 7. h5 c5 8. hxg6 fxg6 9. Nf3 e5 10. dxc5 dxc5 11. Bc4+ Kh8 12. Ng5 a6 13. Bxc5 1-0

[Event "Rhein Main op 10th"]
[Site "Bad Homburg"]
[Date "2007.06.07"]
[Round "2"]
[White "Glaser, Steffen"]
[Black "Hild, Roman"]
[Result "1-0"]
[WhiteElo "1903"]
[BlackElo "1447"]
[PlyCount "43"]
[EventDate "2007.06.06"]
[EventType "swiss"]
[EventRounds "7"]
[EventCountry "GER"]
[SourceTitle "EXT 2008"]
[Source "ChessBase"]
[SourceDate "2007.11.25"]
[SourceVersion "1"]
[SourceVersionDate "2007.11.25"]
[SourceQuality "1"]

1. e4 c5 2. c3 e6 3. d4 cxd4 4. Nf3 dxc3 5. Nxc3 Bc5 6. Bc4 a6 7. 0-0 b5 8. Bb3 Bb7 9. Qe2 Ne7 10. Rd1 0-0 11. e5 Qc7 12. Bg5 Bxf3 13. Qxf3 Nbc6 14. Ne4 Nxe5 15. Qc3 d6 16. Nxc5 dxc5 17. Bxe7 Qxe7 18. Qxe5 c4 19. Bc2 Rfc8 20. Rd4 Rc5 21. Qe4 Rac8 22. Qxh7+ 1-0

[Event "Cologne Longerich op 2nd"]
[Site "Cologne"]
[Date "2003.??.??"]
[Round "3"]
[White "Ljuboschiz, Alexander"]
[Black "Glaser, Steffen"]
[Result "1-0"]
[WhiteElo "2191"]
[BlackElo "1814"]
[PlyCount "89"]
[EventDate "2003.06.??"]
[EventType "swiss"]
[EventRounds "7"]
[EventCountry "GER"]
[SourceTitle "EXT 2004"]
[Source "ChessBase"]
[SourceDate "2003.11.25"]
[SourceVersion "1"]
[SourceVersionDate "2003.11.25"]
[SourceQuality "1"]

1. e4 e6 2. d4 d5 3. Nc3 dxe4 4. Nxe4 Nd7 5. Nf3 Ngf6 6. Nxf6+ Nxf6 7. Bd3 c5 8. 0-0 Qc7 9. c3 Bd7 10. Ne5 Bd6 11. Re1 Bc6 12. Bf4 Nd7 13. Qh5 Nxe5 14. dxe5 Be7 15. Rad1 g6 16. Qe2 0-0-0 17. Be4 Rxd1 18. Rxd1 Rd8 19. Rxd8+ Bxd8 20. h3 Qd7 21. Bxc6 Qxc6 22. c4 h5 23. b3 Ba5 24. f3 Bc3 25. Qd3 Bd4+ 26. Kf1 Qc7 27. Qe4 Qa5 28. Qc2 Qc3 29. Qxc3 Bxc3 30. Ke2 Kd7 31. Kd3 Bb2 32. Ke4 a6 33. g4 hxg4 34. fxg4 Ke7 35. Bg5+ Kf8 36. h4 Bc3 37. Be3 b6 38. a4 f6 39. exf6 Bxf6 40. a5 bxa5 41. Bxc5+ Kf7 42. h5 Bc3 43. Be3 gxh5 44. gxh5 Ke7 45. h6 1-0

[Event "Werther Schloss op-B 7th"]
[Site "Werther"]
[Date "2001.04.06"]
[Round "1"]
[White "Glaser, Steffen"]
[Black "Calder, Dennis"]
[Result "0-1"]
[WhiteElo "1893"]
[BlackElo "1706"]
[PlyCount "66"]
[EventDate "2001.04.06"]
[EventType "swiss"]
[EventRounds "5"]
[EventCountry "GER"]
[SourceTitle "EXT 2002"]
[Source "ChessBase"]
[SourceDate "2001.11.25"]
[SourceVersion "1"]
[SourceVersionDate "2001.11.25"]
[SourceQuality "1"]

1. Nf3 Nc6 2. d4 d5 3. g3 Bg4 4. Bg2 Nf6 5. Ne5 Nxe5 6. dxe5 Nd7 7. Qxd5 c6 8. Qe4 Be6 9. Qb4 Qc7 10. f4 0-0-0 11. Nc3 h6 12. Be3 Nb6 13. Qa5 Nc4 14. Qxa7 Nxe3 15. Qxe3 Bf5 16. 0-0 e6 17. Ne4 Qa5 18. Rfd1 Rxd1+ 19. Rxd1 Bxe4 20. Qxe4 Bc5+ 21. Kf1 Qxa2 22. b4 Bb6 23. b5 Rd8 24. Rxd8+ Kxd8 25. Qd3+ Kc7 26. Qd6+ Kc8 27. Bxc6 Qb1+ 28. Kg2 Qg1+ 29. Kh3 bxc6 30. bxc6 Qf1+ 31. Kh4 Bd8+ 32. Kg4 h5+ 33. Kxh5 Qh3# 0-1